| 000 | 00601cam a2200229u 4500 | ||
|---|---|---|---|
| 999 |
_c173136 _d173136 |
||
| 001 | 6024048 | ||
| 003 | Nust | ||
| 005 | 20180716104629.0 | ||
| 008 | 830302s1950 enka j 000 0 eng | ||
| 010 | _a 50032758 | ||
| 020 |
_a9780330448390 _cRs. 316 |
||
| 038 | _aArshad | ||
| 040 |
_aDLC _cCarP _dDLC |
||
| 050 | 0 | 0 |
_aPZ7.B629 _bSh |
| 082 |
_a823.912 _bBLY |
||
| 100 | 1 |
_aBlyton, Enid. _911689 |
|
| 245 | 1 | 4 | _aThe ship of adventure; |
| 260 |
_aLondon, _bMacmillan, _c1950. |
||
| 300 |
_aviii, 327 p. _billus. _c21 cm. |
||
| 906 |
_a0 _bcbc _cpremunv _du _encip _f19 _gy-gencatlg |
||
| 942 |
_2ddc _cBK |
||